000 00364nam a2200157Ia 4500
100 _aVenkataram P/ Babu/Satish B
650 _aWireless
942 _cBK
366 _f20
654 _amobile
245 _aWireless and mobile network security
260 _bTata Mc Graw hill Ltd.
_c2010
082 _a5.8
_bVEN
300 _a227
546 _aENGLISH
_cComputers
999 _c19157
_d19157